00784nam a2200181 a 450000100100000000500170001000800410002704000250006808200150009310000390010824500940014724601120024126000390035330000360039270000440042895201130047299900170058500003870720240228084930.0130418s2008 dr ac r 000 0 spa d aDO-SdBNPbspacBNPHU axxxxbxxxx1 aDe Jesús Reyes, José C.96501510aVivencias higüeyanas /cJosé C. de Jesús Reyes ; prólogo Teófilo Lappot Robles.14aVivencias higüeyanas :btestimonios sobre acontecimientos que ayer fueron noticias y que hoy son historia aSanto Domingo :bEdiciones,c2008. a234 p. :bil., retrs. ;c23 cm.1 aLappot Robles, Teófilo,d1957-974151 0010718PDaPDbPDcHDd2013-04-18iLF1l0oxxxx xxxxp38707-10r2020-06-25w2020-06-25yLFPDZNo se presta c38197d38197